000 00433nam a2200169Ia 4500
003 LK-CoDNM
008 010623t xxu||||| |||| 00| 1 sin d
040 _aLK-CoDNM
_dLK-CoDNM
_eLK-CoDNM
041 _asin
080 _a179.7 PER
100 _aPerera,Ginadasa.
245 _aසිය දිවි නසා ගැනීම
246 _aSiya Devi Nasa Geneema
260 _bVathma
_aDelhi
300 _b104p., 21 cm
942 _cBK
999 _c142088
_d142088